<?xml version="1.0" encoding="UTF-8"?>
<record
    xmlns:xsi="http://www.w3.org/2001/XMLSchema-instance"
    xsi:schemaLocation="http://www.loc.gov/MARC21/slim http://www.loc.gov/standards/marcxml/schema/MARC21slim.xsd"
    xmlns="http://www.loc.gov/MARC21/slim">

  <leader>01610nam0a2200289   4500</leader>
  <controlfield tag="001">RU\NLR\BIBL_A\021983316</controlfield>
  <controlfield tag="005">20250625073750.0</controlfield>
  <datafield tag="021" ind1=" " ind2=" ">
    <subfield code="a">RU</subfield>
    <subfield code="b">&#x41F;361-63</subfield>
  </datafield>
  <datafield tag="035" ind1=" " ind2=" ">
    <subfield code="a">(NLR Aleph) 021983316</subfield>
  </datafield>
  <datafield tag="090" ind1=" " ind2=" ">
    <subfield code="a">12405424</subfield>
    <subfield code="c">12405424</subfield>
  </datafield>
  <datafield tag="100" ind1=" " ind2=" ">
    <subfield code="a">20130416d1963    |||y0rusy50      ca</subfield>
  </datafield>
  <datafield tag="101" ind1="0" ind2=" ">
    <subfield code="a">rus</subfield>
  </datafield>
  <datafield tag="102" ind1=" " ind2=" ">
    <subfield code="a">RU</subfield>
  </datafield>
  <datafield tag="105" ind1=" " ind2=" ">
    <subfield code="a">y   z   |||||</subfield>
  </datafield>
  <datafield tag="200" ind1="1" ind2=" ">
    <subfield code="a">&#x41E;&#x441;&#x432;&#x43E;&#x435;&#x43D;&#x438;&#x435; &#x441;&#x43A;&#x43B;&#x43E;&#x43D;&#x43E;&#x432; &#x431;&#x430;&#x43B;&#x43E;&#x43A; &#x43F;&#x43E;&#x434; &#x43A;&#x43E;&#x440;&#x43C;&#x43E;&#x432;&#x44B;&#x435; &#x43A;&#x443;&#x43B;&#x44C;&#x442;&#x443;&#x440;&#x44B;</subfield>
    <subfield code="f">&#x441;&#x43E;&#x441;&#x442;&#x430;&#x432;&#x438;&#x442;&#x435;&#x43B;&#x44C;: &#x418;.&#x412;. &#x411;&#x430;&#x434;&#x443;&#x43B;&#x438;&#x43D;</subfield>
  </datafield>
  <datafield tag="210" ind1=" " ind2=" ">
    <subfield code="a">&#x417;&#x430;&#x43F;&#x43E;&#x440;&#x43E;&#x436;&#x44C;&#x435;</subfield>
    <subfield code="d">1963</subfield>
  </datafield>
  <datafield tag="225" ind1="1" ind2=" ">
    <subfield code="a">&#x418;&#x43D;&#x444;&#x43E;&#x440;&#x43C;&#x430;&#x446;&#x438;&#x43E;&#x43D;&#x43D;&#x44B;&#x439; &#x431;&#x44E;&#x43B;&#x43B;&#x435;&#x442;&#x435;&#x43D;&#x44C;</subfield>
    <subfield code="f">&#x417;&#x430;&#x43F;&#x43E;&#x440;&#x43E;&#x436;&#x441;&#x43A;&#x430;&#x44F; &#x43E;&#x431;&#x43B;&#x430;&#x441;&#x442;&#x43D;&#x430;&#x44F; &#x441;&#x435;&#x43B;&#x44C;&#x441;&#x43A;&#x43E;&#x445;&#x43E;&#x437;&#x44F;&#x439;&#x441;&#x442;&#x432;&#x435;&#x43D;&#x43D;&#x430;&#x44F; &#x43E;&#x43F;&#x44B;&#x442;&#x43D;&#x430;&#x44F; &#x441;&#x442;&#x430;&#x43D;&#x446;&#x438;&#x44F;</subfield>
    <subfield code="v">1963, &#x42F;&#x43D;&#x432;&#x430;&#x440;&#x44C;</subfield>
  </datafield>
  <datafield tag="606" ind1="1" ind2=" ">
    <subfield code="a">&#x421;&#x43A;&#x43B;&#x43E;&#x43D;&#x44B; &#x431;&#x430;&#x43B;&#x43E;&#x43A;</subfield>
    <subfield code="x">&#x41E;&#x441;&#x432;&#x43E;&#x435;&#x43D;&#x438;&#x435;</subfield>
  </datafield>
  <datafield tag="606" ind1="1" ind2=" ">
    <subfield code="a">&#x41A;&#x43E;&#x440;&#x43C;&#x43E;&#x432;&#x44B;&#x435; &#x440;&#x430;&#x441;&#x442;&#x435;&#x43D;&#x438;&#x44F;</subfield>
    <subfield code="x">&#x410;&#x433;&#x440;&#x43E;&#x442;&#x435;&#x445;&#x43D;&#x438;&#x43A;&#x430;</subfield>
    <subfield code="9">2450819</subfield>
    <subfield code="3">RU\NLR\AUTH\661457187</subfield>
  </datafield>
  <datafield tag="686" ind1="1" ind2=" ">
    <subfield code="a">&#x41F;222-4</subfield>
  </datafield>
  <datafield tag="702" ind1=" " ind2="1">
    <subfield code="a">&#x411;&#x430;&#x434;&#x443;&#x43B;&#x438;&#x43D;</subfield>
    <subfield code="b">&#x418;. &#x412;.</subfield>
    <subfield code="g">&#x418;&#x432;&#x430;&#x43D; &#x412;&#x430;&#x441;&#x438;&#x43B;&#x44C;&#x435;&#x432;&#x438;&#x447;</subfield>
    <subfield code="4">220</subfield>
  </datafield>
  <datafield tag="712" ind1="0" ind2="2">
    <subfield code="a">&#x417;&#x430;&#x43F;&#x43E;&#x440;&#x43E;&#x436;&#x441;&#x43A;&#x430;&#x44F; &#x43E;&#x431;&#x43B;&#x430;&#x441;&#x442;&#x43D;&#x430;&#x44F; &#x441;&#x435;&#x43B;&#x44C;&#x441;&#x43A;&#x43E;&#x445;&#x43E;&#x437;&#x44F;&#x439;&#x441;&#x442;&#x432;&#x435;&#x43D;&#x43D;&#x430;&#x44F; &#x43E;&#x43F;&#x44B;&#x442;&#x43D;&#x430;&#x44F; &#x441;&#x442;&#x430;&#x43D;&#x446;&#x438;&#x44F;</subfield>
    <subfield code="a">&#x412;&#x441;&#x435;&#x43C;&#x438;&#x440;&#x43D;&#x430;&#x44F; &#x43E;&#x440;&#x433;&#x430;&#x43D;&#x438;&#x437;&#x430;&#x446;&#x438;&#x44F; &#x437;&#x434;&#x440;&#x430;&#x432;&#x43E;&#x43E;&#x445;&#x440;&#x430;&#x43D;&#x435;&#x43D;&#x438;&#x44F;</subfield>
    <subfield code="b">&#x41A;&#x43E;&#x43C;&#x438;&#x442;&#x435;&#x442; &#x44D;&#x43A;&#x441;&#x43F;&#x435;&#x440;&#x442;&#x43E;&#x432; &#x43F;&#x43E; &#x431;&#x438;&#x43E;&#x43B;&#x43E;&#x433;&#x438;&#x438; &#x43F;&#x435;&#x440;&#x435;&#x43D;&#x43E;&#x441;&#x447;&#x438;&#x43A;&#x43E;&#x432; &#x438; &#x431;&#x43E;&#x440;&#x44C;&#x431;&#x435; &#x441; &#x43D;&#x438;&#x43C;&#x438;022335645 71200 L</subfield>
    <subfield code="a">&#x41B;&#x438;&#x442;&#x43E;&#x433;&#x440;&#x430;&#x444;&#x441;&#x43A;&#x430;&#x44F; &#x43C;&#x430;&#x441;&#x442;&#x435;&#x440;&#x441;&#x43A;&#x430;&#x44F; &#x418;. &#x41F;. &#x411;&#x435;&#x433;&#x433;&#x440;&#x43E;&#x432;&#x430;</subfield>
    <subfield code="c">&#x421;&#x430;&#x43D;&#x43A;&#x442;-&#x41F;&#x435;&#x442;&#x435;&#x440;&#x431;&#x443;&#x440;&#x433;</subfield>
    <subfield code="4">475022147906 71102 L</subfield>
  </datafield>
  <datafield tag="801" ind1=" " ind2="0">
    <subfield code="a">RU</subfield>
    <subfield code="b">NLR</subfield>
    <subfield code="g">psbo</subfield>
  </datafield>
  <datafield tag="852" ind1=" " ind2=" ">
    <subfield code="a">NLR</subfield>
    <subfield code="j">&#x41F;49/1014 (1963, &#x42F;&#x43D;&#x432;&#x430;&#x440;&#x44C;)</subfield>
  </datafield>
  <datafield tag="942" ind1=" " ind2=" ">
    <subfield code="c">BOOK</subfield>
  </datafield>
  <datafield tag="980" ind1=" " ind2=" ">
    <subfield code="a">NB</subfield>
  </datafield>
</record>
